[Event "Foment Martinenc op-C 18th"]
[Site "Barcelona"]
[Date "2016.05.28"]
[Round "6"]
[White "Puig Nualart, Adria"]
[Black "Negreira Rodriguez, Daniel"]
[Result "0-1"]
[WhiteElo "1847"]
[BlackElo "1802"]
[PlyCount "60"]
[EventDate "2016.04.23"]
[EventType "swiss"]
[EventRounds "9"]
[EventCountry "ESP"]
[SourceTitle "EXT 2017"]
[Source "ChessBase"]
[SourceDate "2016.10.25"]
[SourceVersion "1"]
[SourceVersionDate "2016.10.25"]
[SourceQuality "1"]

1. e4 e5 2. Nf3 Nf6 3. Nc3 Nc6 4. Bb5 Bb4 5. d3 Nd4 6. Bc4 d6 7. a3 Ba5 8. b4 Bb6 9. Nxd4 Bxd4 10. Bb2 a6 11. 0-0 0-0 12. Kh1 Ng4 13. Qf3 Qh4 14. h3 Nxf2+ 15. Kh2 Ng4+ 16. Kh1 Ne3 17. Rfc1 b5 18. Bb3 Bg4 19. Qxf7+ Rxf7 20. Bxf7+ Kxf7 21. Nd5 Nxg2 22. Bxd4 Qxh3+ 23. Kg1 exd4 24. Rf1+ Kg6 25. Rf2 Kg5 26. Rxg2 Rf8 27. Nxc7 Qe3+ 28. Kh1 Rf6 29. Rag1 Rh6+ 30. Rh2 Rxh2+ 0-1

[Event "Foment Martinenc op-C 18th"]
[Site "Barcelona"]
[Date "2016.05.21"]
[Round "5"]
[White "Mas Mestres, Jordi"]
[Black "Puig Nualart, Adria"]
[Result "0-1"]
[WhiteElo "1845"]
[BlackElo "1847"]
[PlyCount "102"]
[EventDate "2016.04.23"]
[EventType "swiss"]
[EventRounds "9"]
[EventCountry "ESP"]
[SourceTitle "EXT 2017"]
[Source "ChessBase"]
[SourceDate "2016.10.25"]
[SourceVersion "1"]
[SourceVersionDate "2016.10.25"]
[SourceQuality "1"]

1. e4 e5 2. Nf3 Nc6 3. d4 exd4 4. Bc4 Bb4+ 5. c3 dxc3 6. bxc3 Be7 7. Qd5 Nh6 8. Bxh6 0-0 9. Be3 d6 10. 0-0 Be6 11. Qd3 Bf6 12. Bxe6 fxe6 13. Nd4 Ne5 14. Qe2 Qd7 15. Nd2 Ng6 16. Rac1 Rae8 17. N2f3 c5 18. Nb3 Qa4 19. c4 Rf7 20. Rfd1 Qd7 21. Qc2 b6 22. Rd2 Bd8 23. Ne1 Ref8 24. f3 e5 25. Rcd1 Bc7 26. Rd5 Qe6 27. Qf2 Ne7 28. R5d2 Qxc4 29. Rc1 Qe6 30. Rcd1 Nc6 31. Qe2 Nb4 32. Rc1 Qg6 33. Nd3 Nxd3 34. Rxd3 Rxf3 35. Bf2 Rxf2 36. Qxf2 Rxf2 37. Kxf2 Qxe4 38. Rf3 c4 39. Re1 Qc6 40. Nc1 Qc5+ 41. Ke2 e4 42. Rf2 Bd8 43. Ref1 Bf6 44. Rf5 Qa3 45. g4 h6 46. Rd1 Qh3 47. Rf4 Qxh2+ 48. Rf2 Qg3 49. Kf1 Qh3+ 50. Ke1 Bc3+ 51. Ke2 Qxg4+ 0-1

[Event "Foment Martinenc op-C 18th"]
[Site "Barcelona"]
[Date "2016.05.14"]
[Round "4"]
[White "Puig Nualart, Adria"]
[Black "Bernat Mor, Juli"]
[Result "1/2-1/2"]
[WhiteElo "1847"]
[BlackElo "1710"]
[PlyCount "32"]
[EventDate "2016.04.23"]
[EventType "swiss"]
[EventRounds "9"]
[EventCountry "ESP"]
[SourceTitle "EXT 2017"]
[Source "ChessBase"]
[SourceDate "2016.10.25"]
[SourceVersion "1"]
[SourceVersionDate "2016.10.25"]
[SourceQuality "1"]

1. e4 c6 2. d4 d5 3. Nc3 dxe4 4. Nxe4 Bf5 5. Ng3 Bg6 6. Nf3 Nd7 7. Bd3 Bxd3 8. Qxd3 e6 9. Bf4 Ngf6 10. 0-0 Qb6 11. Rab1 Be7 12. Ne5 Nxe5 13. dxe5 Nd5 14. Be3 Nxe3 15. Qxe3 Qxe3 16. fxe3 0-0 1/2-1/2

[Event "Sant Adria de Besos op 10th"]
[Site "Sant Adria de Besos"]
[Date "2014.06.08"]
[Round "6"]
[White "Puig Nualart, Adria"]
[Black "Martinez Gilbert, Andreu"]
[Result "1-0"]
[WhiteElo "1755"]
[BlackElo "1820"]
[PlyCount "134"]
[EventDate "2014.05.04"]
[EventType "swiss"]
[EventRounds "8"]
[EventCountry "ESP"]
[SourceTitle "EXT 2015"]
[Source "ChessBase"]
[SourceDate "2014.11.20"]
[SourceVersion "1"]
[SourceVersionDate "2014.11.20"]
[SourceQuality "1"]

1. e4 c6 2. d4 d5 3. exd5 cxd5 4. Bf4 Qb6 5. b3 Bf5 6. Nf3 Nc6 7. c4 dxc4 8. bxc4 e6 9. Be3 Bb4+ 10. Nbd2 Qa5 11. Qb3 Nge7 12. Bd3 0-0 13. 0-0 Bxd3 14. Qxd3 Nf5 15. Bf4 Bxd2 16. Bxd2 Qc7 17. Bc3 Rad8 18. Rfd1 Qe7 19. Qe4 Nd6 20. Qg4 Qf6 21. c5 Nb5 22. Bb2 Rd7 23. Rd2 Rd5 24. Rb1 Rfd8 25. Rbd1 g6 26. a4 Nc7 27. Bc3 h5 28. Qe4 Qe7 29. h3 Ne8 30. Rb1 Ng7 31. g4 f5 32. Qf4 hxg4 33. hxg4 fxg4 34. Nh2 Qh4 35. Rxb7 Rf8 36. Qc7 Qh8 37. Qxc6 Rh5 38. Nxg4 Rg5 39. f3 Qh3 40. Rxg7+ Kxg7 41. d5+ Kg8 42. Qxe6+ Rf7 43. Kf2 Qxf3+ 44. Ke1 Qxc3 45. Nh6+ Kg7 46. Qxf7+ Kxh6 47. Qf8+ Kh5 48. Qf2 Qc1+ 49. Rd1 Re5+ 50. Qe2+ Rxe2+ 51. Kxe2 Qc4+ 52. Rd3 Qxc5 53. d6 Qe5+ 54. Kd2 Qa5+ 55. Ke2 Qd8 56. Kf3 g5 57. Ke4 g4 58. Kf4 Kh4 59. d7 g3 60. Rd6 Qf8+ 61. Ke5 Qe7+ 62. Kd5 Qd8 63. Ke4 g2 64. Kf4 Qf8+ 65. Ke5 Qd8 66. Kf4 Qf8+ 67. Ke5 Qg8 1-0